000 00732 a2200193 4500
020 _a0256219613
040 _aDLC
_bDLC
082 0 0 _a658.45
100 1 _aCarr, Houston H.,
245 1 4 _aThe management of telecommunications : business solutions to business problems
_cby Houston H. Carr, Charles A. Snyder.
260 _aChicago :
_bIrwin,
_cc1997.
300 _axxiv, 726 p. :
_bill. ;
_c24 cm.
650 0 _aBusiness
_xCommunication systems.
650 0 _aTelecommunication systems.
700 1 _aSnyder, Charles A.
856 4 2 _3Publisher description
_uhttp://www.loc.gov/catdir/description/mh022/96038964.html
856 4 2 _3Table of contents
_uhttp://www.loc.gov/catdir/toc/mh022/96038964.html
942 _cBK
_k658.45 CAR
_2ddc
999 _c8829
_d8829